[Event "Germain Laplante U1900"]
[Site "Chambly CAN"]
[Date "2023.04.29"]
[Round "3.16"]
[White "Jutras, Marc-Andre"]
[Black "Gauthier, Luc"]
[Result "0-1"]
[WhiteElo "1834"]
[BlackElo "1645"]
[PlyCount "50"]
[EventDate "2023.04.28"]
[EventType "swiss"]
[EventRounds "5"]
[EventCountry "CAN"]

1. d4 d5 2. Nf3 c5 3. e3 e6 4. Bb5+ Bd7 5. a4 a6 6. Bxd7+ Nxd7 7. O-O Ngf6 8.
Re1 Qc7 9. Nbd2 Be7 10. c3 O-O 11. e4 dxe4 12. Nxe4 Nxe4 13. Rxe4 Nf6 14. Rh4
Rfd8 15. Qe2 cxd4 16. Nxd4 Nd5 17. Rh3 Nf6 18. Bg5 Qc5 19. Bh4 Qd5 20. Re1 Rac8
21. Rf3 Qh5 22. Nxe6 fxe6 23. Qxe6+ Qf7 24. Qb6 Bc5 25. Qa5 Rd5 0-1

[Event "Germain Laplante U1900"]
[Site "Chambly CAN"]
[Date "2023.04.29"]
[Round "3.17"]
[White "Crete, Mathys"]
[Black "Milette, Patrick"]
[Result "0-1"]
[WhiteElo "1710"]
[BlackElo "1833"]
[PlyCount "54"]
[EventDate "2023.04.28"]
[EventType "swiss"]
[EventRounds "5"]
[EventCountry "CAN"]

1. d4 Nf6 2. Nc3 g6 3. e4 d6 4. Bc4 Bg7 5. Qe2 Nc6 6. Nf3 O-O 7. e5 dxe5 8.
dxe5 Ng4 9. e6 f5 10. O-O Nd4 11. Nxd4 Qxd4 12. h3 Ne5 13. Bb3 Nc6 14. Be3 Qh4
15. Rad1 f4 16. Bc1 f3 17. Qc4 Nd4 18. Be3 fxg2 19. Kxg2 Bxe6 20. Qxe6+ Nxe6
21. Bxe6+ Kh8 22. Rd3 Bxc3 23. Bd5 Bg7 24. Rfd1 c6 25. Bf3 e5 26. Bg4 h5 27.
Be2 Rad8 0-1

[Event "Germain Laplante U1900"]
[Site "Chambly CAN"]
[Date "2023.04.29"]
[Round "3.18"]
[White "Dumoulin, Sylvain"]
[Black "Allaire, Denis"]
[Result "1-0"]
[WhiteElo "1774"]
[BlackElo "1676"]
[PlyCount "25"]
[EventDate "2023.04.28"]
[EventType "swiss"]
[EventRounds "5"]
[EventCountry "CAN"]

1. Nc3 d5 2. e4 e6 3. Nf3 c5 4. Bb5+ Bd7 5. exd5 Bxb5 6. Nxb5 exd5 7. Qe2+ Ne7
8. d4 a6 9. Nc3 Nbc6 10. Be3 c4 11. Bf4 Qd7 12. O-O-O O-O-O 13. Na4 1-0

[Event "Germain Laplante U1900"]
[Site "Chambly CAN"]
[Date "2023.04.29"]
[Round "3.19"]
[White "Messier, David"]
[Black "Tachijian, Mardig"]
[Result "0-1"]
[WhiteElo "1863"]
[BlackElo "1579"]
[PlyCount "68"]
[EventDate "2023.04.28"]
[EventType "swiss"]
[EventRounds "5"]
[EventCountry "CAN"]

1. e4 e5 2. Nf3 Nc6 3. Bc4 Bc5 4. b4 Bxb4 5. c3 Ba5 6. d4 d6 7. dxe5 dxe5 8.
Qb3 Qe7 9. O-O Bb6 10. Ba3 Qf6 11. Rd1 Nge7 12. Nbd2 O-O 13. h3 h6 14. Bb5 Rd8
15. Rac1 Ng6 16. Bxc6 bxc6 17. c4 Be6 18. Nf1 Nf4 19. Ng3 Rab8 20. Rxd8+ Rxd8
21. Bb2 Nd3 22. Rf1 Nxb2 23. Qxb2 Bd4 24. Nxd4 exd4 25. Qb4 d3 26. Rd1 Qd4 27.
Qb7 Qb6 28. Qxb6 cxb6 29. Nf5 Bxf5 30. exf5 a6 31. f3 c5 32. Kf2 b5 33. Rc1 d2
34. Rd1 bxc4 0-1

[Event "Germain Laplante U1900"]
[Site "Chambly CAN"]
[Date "2023.04.29"]
[Round "3.20"]
[White "Perron, Pier-Luc"]
[Black "St-Germain, Jack"]
[Result "1-0"]
[WhiteElo "1681"]
[BlackElo "1521"]
[PlyCount "61"]
[EventDate "2023.04.28"]
[EventType "swiss"]
[EventRounds "5"]
[EventCountry "CAN"]

1. d4 Nf6 2. Bf4 d5 3. Nf3 c5 4. e3 e6 5. c3 Be7 6. Nbd2 O-O 7. Bd3 Nc6 8. O-O
cxd4 9. exd4 Bd6 10. Bxd6 Qxd6 11. Re1 Qf4 12. Qe2 Re8 13. Ne5 Nxe5 14. dxe5
Nd7 15. Rad1 Nc5 16. Bc2 b6 17. b4 Ba6 18. Qh5 g6 19. Qh3 Nd7 20. Nf3 Kg7 21.
Rd4 Qh6 22. Rh4 Qxh4 23. Qxh4 Rac8 24. Re3 Rc4 25. Nd4 b5 26. a4 bxa4 27. Bxa4
Bc8 28. Bxd7 Bxd7 29. Rh3 h5 30. Qf6+ Kg8 31. g4 1-0

[Event "Germain Laplante U1900"]
[Site "Chambly CAN"]
[Date "2023.04.29"]
[Round "3.21"]
[White "Samson, Guy"]
[Black "Ramesan, Raunak Amit"]
[Result "1/2-1/2"]
[WhiteElo "1656"]
[BlackElo "1458"]
[PlyCount "90"]
[EventDate "2023.04.28"]
[EventType "swiss"]
[EventRounds "5"]
[EventCountry "CAN"]

1. e4 e5 2. Nf3 Nc6 3. Bc4 Bc5 4. c3 Nf6 5. O-O O-O 6. d4 exd4 7. e5 Ne4 8.
cxd4 d5 9. Bb5 Bb6 10. Nc3 Bg4 11. Bxc6 bxc6 12. Qd3 Nxc3 13. bxc3 Bxf3 14.
gxf3 Re8 15. f4 c5 16. Kh1 cxd4 17. cxd4 f6 18. Be3 fxe5 19. fxe5 Qh4 20. Rg1
Qe4+ 21. Qxe4 dxe4 22. Rg4 Kf7 23. Rag1 g6 24. Rxe4 Ke6 25. Rh4 Re7 26. Rb1 Rd7
27. a4 Rad8 28. Rd1 c5 29. a5 Bxa5 30. Ra1 Bb4 31. Ra6+ Kd5 32. e6 Rd6 33. e7
Re8 34. Rxa7 c4 35. Rxh7 Re6 36. Rf7 R8xe7 37. Rfxe7 Rxe7 38. Rxe7 Bxe7 39. Kg2
Bf6 40. Kf3 Bxd4 41. Bc1 Ke5 42. h3 Kf5 43. Bd2 Be5 44. Bc1 Bd4 45. Bd2 Be5
1/2-1/2

[Event "Germain Laplante U1900"]
[Site "Chambly CAN"]
[Date "2023.04.29"]
[Round "3.22"]
[White "Lemieux, Serge"]
[Black "Lepine, Yanick"]
[Result "0-1"]
[WhiteElo "1446"]
[BlackElo "1609"]
[PlyCount "104"]
[EventDate "2023.04.28"]
[EventType "swiss"]
[EventRounds "5"]
[EventCountry "CAN"]

1. d4 d5 2. c4 c6 3. Nf3 e6 4. e3 Nd7 5. Be2 Ngf6 6. Nc3 Be7 7. h3 b6 8. Ne5
Nxe5 9. dxe5 Nd7 10. cxd5 Nxe5 11. dxe6 Qxd1+ 12. Nxd1 Bxe6 13. O-O O-O 14. Bd2
Rfd8 15. Bc3 Nd3 16. b3 Ba3 17. Bd4 Nb4 18. Bg4 Bxg4 19. hxg4 Nc2 20. Rb1 Nxd4
21. exd4 Rxd4 22. Ne3 g6 23. Rbd1 Rad8 24. Rxd4 Rxd4 25. Rd1 c5 26. f3 f6 27.
Kf2 Kf7 28. Ke2 Bb2 29. Rd3 Ke6 30. g3 b5 31. Nc2 Rxd3 32. Kxd3 a5 33. Ne3 Bd4
34. Nd1 Kd5 35. Nc3+ Bxc3 36. Kxc3 c4 37. bxc4+ bxc4 38. a4 h6 39. f4 g5 40. f5
Kc5 41. Kc2 Kb4 42. Kb2 c3+ 43. Kc2 Kc4 44. Kc1 Kb3 45. Kb1 Kxa4 46. Ka2 Kb4
47. Ka1 Kb3 48. Kb1 a4 49. Ka1 Kc2 50. Ka2 Kd2 51. Ka3 c2 52. Ka2 Kd1 0-1

[Event "Germain Laplante U1900"]
[Site "Chambly CAN"]
[Date "2023.04.29"]
[Round "3.23"]
[White "Giroux, Robert"]
[Black "Rauch, Damian"]
[Result "1-0"]
[WhiteElo "1855"]
[BlackElo "1521"]
[PlyCount "75"]
[EventDate "2023.04.28"]
[EventType "swiss"]
[EventRounds "5"]
[EventCountry "CAN"]

1. Nf3 Nf6 2. b3 d5 3. Bb2 c5 4. e3 Bg4 5. h3 Bh5 6. Bb5+ Nc6 7. g4 Bg6 8.
Bxc6+ bxc6 9. d3 e6 10. Nbd2 Be7 11. Qe2 a5 12. Ne5 Qb6 13. h4 h5 14. g5 Nd7
15. Nxd7 Kxd7 16. Bxg7 Rhe8 17. Be5 a4 18. O-O Rf8 19. f4 f6 20. Bb2 fxg5 21.
hxg5 h4 22. Nf3 Bf5 23. Nxh4 d4 24. Nxf5 Rxf5 25. e4 Rff8 26. Rae1 Qc7 27. Bc1
Rh8 28. Rf2 Rh4 29. e5 Rah8 30. Rg2 axb3 31. axb3 Qd8 32. Bd2 Qg8 33. Kf2 Rh2
34. Kg1 Rh1+ 35. Kf2 R1h2 36. Ra1 Ke8 37. Ra8+ Bd8 38. Ba5 1-0

[Event "Germain Laplante U1900"]
[Site "Chambly CAN"]
[Date "2023.04.29"]
[Round "3.24"]
[White "Frenette, Laurent"]
[Black "Dufresne, Christophe"]
[Result "1-0"]
[WhiteElo "1613"]
[BlackElo "1845"]
[PlyCount "51"]
[EventDate "2023.04.28"]
[EventType "swiss"]
[EventRounds "5"]
[EventCountry "CAN"]

1. e4 e5 2. Nf3 Nc6 3. Bc4 Nf6 4. O-O Bc5 5. d3 d6 6. h3 Be6 7. Bxe6 fxe6 8. c4
O-O 9. Bg5 Qd7 10. Nc3 Ne7 11. Na4 Bb6 12. Nxb6 axb6 13. Bxf6 Rxf6 14. d4 exd4
15. Nxd4 e5 16. Nf3 Ng6 17. Qd5+ Kh8 18. Qxb7 Raf8 19. Nh2 Nf4 20. Rae1 Rg6 21.
Kh1 Rxg2 22. Re3 Rg6 23. Qa6 Nxh3 24. Qa3 Rh6 25. Rf3 Rxf3 26. Qa8+ 1-0

[Event "Germain Laplante U1900"]
[Site "Chambly CAN"]
[Date "2023.04.29"]
[Round "3.25"]
[White "Kelly, Patrick"]
[Black "Bedard, Michel"]
[Result "1-0"]
[WhiteElo "1754"]
[BlackElo "1610"]
[PlyCount "175"]
[EventDate "2023.04.28"]
[EventType "swiss"]
[EventRounds "5"]
[EventCountry "CAN"]

1. e4 e5 2. Bc4 Nf6 3. Nc3 Nc6 4. d3 Na5 5. Qf3 Nxc4 6. dxc4 c6 7. Nge2 Be7 8.
Ng3 g6 9. O-O d6 10. Bh6 Bg4 11. Qd3 Be6 12. b3 Ng4 13. Bd2 Qc7 14. Nd1 h5 15.
h3 Nf6 16. Bg5 h4 17. Ne2 Rh5 18. Be3 g5 19. f3 O-O-O 20. Nf2 Rf8 21. a4 Nd7
22. b4 f5 23. exf5 Bxf5 24. Qb3 Be6 25. Qc3 Bf6 26. Ng4 Bh8 27. Rad1 Nb6 28.
Bxb6 axb6 29. Qd3 d5 30. cxd5 Bxd5 31. Qg6 Rh7 32. Qxg5 Bc4 33. Qe3 Re7 34. Qe4
Bxe2 35. Qxe2 Rf4 36. Qe1 Bf6 37. Nxf6 Rxf6 38. Qxh4 Rf8 39. Rfe1 Kb8 40. Re4
Rh7 41. Qg5 Rg7 42. Qh5 Re7 43. Qh6 Rd8 44. Rxd8+ Qxd8 45. Qc1 Rd7 46. Qe3 Rd1+
47. Kh2 Qc7 48. Rxe5 Rd5 49. f4 Rd6 50. Re7 Qc8 51. Qxb6 Rd7 52. Qe3 Rd8 53.
Qe5+ Ka8 54. Rc7 Qb8 55. Re7 Qxe5 56. Rxe5 Rd4 57. c3 Rxf4 58. a5 Rc4 59. Rc5
Re4 60. g4 Kb8 61. Kg3 Kc7 62. Kf3 Re1 63. h4 Kd6 64. h5 Rf1+ 65. Ke4 Ke6 66.
Rg5 Re1+ 67. Kd4 Kd6 68. Rg6+ Kc7 69. h6 Rf1 70. Rg7+ Kd6 71. Rg6+ Ke7 72. g5
Rd1+ 73. Kc4 Rh1 74. Rg8 Kf7 75. Rg7+ Kf8 76. Rxb7 Rh5 77. Rg7 Rh4+ 78. Kc5 Rh3
79. c4 Rf3 80. a6 Ra3 81. a7 Ra6 82. b5 cxb5 83. cxb5 Ra1 84. Kc6 Rc1+ 85. Kb7
Ra1 86. a8=Q+ Rxa8 87. Kxa8 Ke8 88. b6 1-0

[Event "Germain Laplante U1900"]
[Site "Chambly CAN"]
[Date "2023.04.29"]
[Round "3.26"]
[White "Jutras, Arnaud"]
[Black "Chaurette, Benoit"]
[Result "0-1"]
[WhiteElo "1545"]
[BlackElo "1753"]
[PlyCount "52"]
[EventDate "2023.04.28"]
[EventType "swiss"]
[EventRounds "5"]
[EventCountry "CAN"]

1. c4 Nf6 2. Nf3 g6 3. g3 Bg7 4. Bg2 d6 5. d4 O-O 6. O-O Nbd7 7. Nc3 e5 8. e4
c6 9. d5 cxd5 10. Nxd5 Nc5 11. Nd2 Bd7 12. b4 Nd3 13. a3 Rc8 14. Nb1 Nxc1 15.
Qxc1 Ng4 16. Qb2 f5 17. Nd2 f4 18. Rac1 fxg3 19. hxg3 Qg5 20. f3 Qe3+ 21. Kh1
Nf2+ 22. Rxf2 Qxf2 23. Kh2 Bh6 24. Rc2 Be3 25. g4 Qh4+ 26. Bh3 Bf4+ 0-1

[Event "Germain Laplante U1900"]
[Site "Chambly CAN"]
[Date "2023.04.29"]
[Round "3.27"]
[White "Duplessis, Jean-Roch"]
[Black "Tremblay, Xavier"]
[Result "1-0"]
[WhiteElo "1645"]
[BlackElo "1370"]
[PlyCount "23"]
[EventDate "2023.04.28"]
[EventType "swiss"]
[EventRounds "5"]
[EventCountry "CAN"]

1. e4 e5 2. Nf3 Nc6 3. Nc3 Bc5 4. Nxe5 Bxf2+ 5. Kxf2 Nxe5 6. d4 Qf6+ 7. Kg1 Nh6
8. Nd5 Qh4 9. dxe5 O-O 10. g3 Qxe4 11. Bxh6 gxh6 12. Nf6+ 1-0

[Event "Germain Laplante U1900"]
[Site "Chambly CAN"]
[Date "2023.04.30"]
[Round "4.13"]
[White "Morin-Pare, Victor"]
[Black "Peloquin, Charli"]
[Result "1-0"]
[WhiteElo "1856"]
[BlackElo "1762"]
[PlyCount "85"]
[EventDate "2023.04.28"]
[EventType "swiss"]
[EventRounds "5"]
[EventCountry "CAN"]

1. d4 Nf6 2. Nc3 b6 3. e4 Bb7 4. Bd3 d6 5. Nf3 g6 6. O-O Bg7 7. e5 Nfd7 8. e6
fxe6 9. Ng5 Nf8 10. Qg4 Qd7 11. Qf4 Bf6 12. Nce4 Bxd4 13. Qf7+ Kd8 14. c3 d5
15. cxd4 dxe4 16. Qg7 exd3 17. Qxh8 Qe8 18. Bf4 Nbd7 19. Rac1 Rc8 20. Rfd1 Ba6
21. Rc6 Nf6 22. Rdc1 Nd5 23. Bd2 Bb5 24. Qg7 Bxc6 25. Nf7+ Kd7 26. Ne5+ Kd8 27.
Nxc6+ Kd7 28. Ne5+ Kd8 29. Bh6 c5 30. Qxf8 Qxf8 31. Bxf8 c4 32. Bh6 b5 33. Bd2
g5 34. Ba5+ Nb6 35. Nf7+ Kd7 36. Bxb6 b4 37. Ne5+ Kd6 38. Bc5+ Rxc5 39. dxc5+
Kxe5 40. Kf1 d2 41. Ra1 c3 42. bxc3 bxc3 43. Ke2 1-0

[Event "Germain Laplante U1900"]
[Site "Chambly CAN"]
[Date "2023.04.30"]
[Round "4.14"]
[White "Milette, Patrick"]
[Black "Duval, Mathieu"]
[Result "0-1"]
[WhiteElo "1833"]
[BlackElo "1691"]
[PlyCount "108"]
[EventDate "2023.04.28"]
[EventType "swiss"]
[EventRounds "5"]
[EventCountry "CAN"]

1. Nf3 c5 2. c4 Nc6 3. g3 g6 4. Bg2 Bg7 5. O-O Nf6 6. d4 cxd4 7. Nxd4 O-O 8.
Nc3 Nxd4 9. Qxd4 d6 10. Qd3 Bf5 11. e4 Be6 12. b3 Nd7 13. Be3 Ne5 14. Qd2 Rc8
15. Bd4 Qa5 16. Rad1 Bxc4 17. Nd5 Qxd2 18. Nxe7+ Kh8 19. Rxd2 Bxf1 20. Kxf1
Rc1+ 21. Ke2 Re8 22. Nd5 b6 23. Bxe5 Bxe5 24. f4 Bc3 25. Nxc3 Rxc3 26. Rxd6
Rc2+ 27. Rd2 Rc7 28. h4 Rc3 29. Rd3 Rc2+ 30. Rd2 Rec8 31. Kd1 Rc1+ 32. Ke2 R8c2
33. Bf3 h5 34. g4 hxg4 35. Bxg4 Rxd2+ 36. Kxd2 Rh1 37. Ke3 Rxh4 38. Be2 Rh1 39.
a4 Kg7 40. Bc4 Rh3+ 41. Kf2 Kf6 42. Ke2 g5 43. fxg5+ Kxg5 44. Bxf7 Kf4 45. Bd5
Ke5 46. Kd2 Kd4 47. Kc2 Rh2+ 48. Kb1 Kc3 49. Ka1 Rh1+ 50. Ka2 Re1 51. Bc4 Rxe4
52. Bg8 Kb4 53. Bd5 Rd4 54. Bg8 Rd2+ 0-1

[Event "Germain Laplante U1900"]
[Site "Chambly CAN"]
[Date "2023.04.30"]
[Round "4.15"]
[White "Gauthier, Luc"]
[Black "Dumoulin, Sylvain"]
[Result "1/2-1/2"]
[WhiteElo "1645"]
[BlackElo "1774"]
[PlyCount "122"]
[EventDate "2023.04.28"]
[EventType "swiss"]
[EventRounds "5"]
[EventCountry "CAN"]

1. e4 e6 2. d4 d5 3. e5 c5 4. c3 Nc6 5. Be3 Qc7 6. a3 c4 7. Nf3 Bd7 8. Be2
O-O-O 9. Nbd2 f6 10. Bf4 h6 11. b4 g5 12. Bg3 f5 13. h3 Be8 14. a4 Bh5 15. a5
Be7 16. Qa4 Rf8 17. b5 Nb8 18. Bxc4 Bxf3 19. gxf3 f4 20. Bh2 dxc4 21. Nxc4 Qd8
22. Ke2 Nd7 23. b6 a6 24. Nd2 Nb8 25. Qc4+ Kd7 26. d5 exd5 27. Qxd5+ Kc8 28.
Qc4+ Nc6 29. Ne4 Rf5 30. Rhd1 Qe8 31. Qe6+ Kb8 32. Qxf5 Bd8 33. Nd6 Qxe5+ 34.
Qxe5 Nxe5 35. Nxb7 Bxb6 36. axb6 Kxb7 37. Rd8 Nc6 38. Re8 Kxb6 39. Rd1 a5 40.
Rd6 Kc5 41. Rg6 a4 42. Kd2 a3 43. Kc2 Rh7 44. Rgxg8 Rb7 45. Ra8 Na7 46. Rgb8 a2
47. Rxb7 a1=Q 48. Raxa7 Qf1 49. Rc7+ Kd6 50. Rd7+ Ke6 51. Re7+ Kf6 52. Rf7+ Kg6
53. Rg7+ Kh5 54. Bxf4 Qxf2+ 55. Bd2 Qxf3 56. Rh7 Qe4+ 57. Kb2 Qd5 58. Rad7 Qb5+
59. Kc2 Qf5+ 60. Kb2 Qb5+ 61. Kc2 Qf5+ 1/2-1/2

[Event "Germain Laplante U1900"]
[Site "Chambly CAN"]
[Date "2023.04.30"]
[Round "4.16"]
[White "Hayne, Alexander"]
[Black "McCartney, Steven"]
[Result "0-1"]
[WhiteElo "1761"]
[BlackElo "1694"]
[PlyCount "88"]
[EventDate "2023.04.28"]
[EventType "swiss"]
[EventRounds "5"]
[EventCountry "CAN"]

1. e4 d5 2. exd5 Qxd5 3. Nc3 Qd8 4. Bc4 Nf6 5. d4 a6 6. a4 c6 7. Bg5 Bg4 8. f3
Bf5 9. Nge2 e6 10. O-O Be7 11. Ng3 Bg6 12. Nce4 Nbd7 13. c3 O-O 14. Bd3 Nd5 15.
Bxe7 Qxe7 16. Qd2 Rad8 17. f4 Bxe4 18. Nxe4 N5f6 19. Qc2 Nxe4 20. Bxe4 Nf6 21.
Bd3 c5 22. dxc5 Qxc5+ 23. Kh1 h6 24. Rae1 Rd5 25. Be2 Rfd8 26. Bf3 Rd2 27. Qb3
R8d7 28. h3 Nd5 29. f5 exf5 30. Re5 Qd6 31. Rfe1 g6 32. c4 Nf4 33. c5 Qd3 34.
Qb6 Kg7 35. R5e3 Qc2 36. Rg1 Nxh3 37. Rc3 Nf2+ 38. Kh2 Qxb2 39. Rb3 Qe5+ 40. g3
Ne4+ 41. Bg2 Nxg3 42. Rxg3 R7d3 43. Qb4 Qxg3+ 44. Kh1 Qh3+ 0-1

[Event "Germain Laplante U1900"]
[Site "Chambly CAN"]
[Date "2023.04.30"]
[Round "4.17"]
[White "Wilkin, Alain"]
[Black "Lepine, Yanick"]
[Result "1/2-1/2"]
[WhiteElo "1864"]
[BlackElo "1609"]
[PlyCount "69"]
[EventDate "2023.04.28"]
[EventType "swiss"]
[EventRounds "5"]
[EventCountry "CAN"]

1. e4 c5 2. Nf3 d6 3. d3 Nc6 4. g3 Qc7 5. Bg2 g6 6. Nbd2 Bg7 7. O-O Nf6 8. a4
O-O 9. Nc4 h6 10. c3 Kh7 11. Nh4 Nd7 12. f4 Nb6 13. Ne3 e6 14. f5 Qe7 15. fxg6+
fxg6 16. Rxf8 Qxf8 17. a5 Nd7 18. Qe2 Ne7 19. Bd2 Qe8 20. Nc4 Be5 21. Nf3 Nc6
22. Nfxe5 dxe5 23. Nd6 Qe7 24. Nxc8 Rxc8 25. Be3 a6 26. Bh3 Rf8 27. Qg4 Nd8 28.
Qe2 Rf6 29. Qd2 g5 30. Qe2 Qf8 31. Bg2 Nc6 32. Qc2 Kg7 33. Qb3 Nd8 34. Qc4 Qd6
35. Qb3 1/2-1/2

[Event "Germain Laplante U1900"]
[Site "Chambly CAN"]
[Date "2023.04.30"]
[Round "4.18"]
[White "Allaire, Denis"]
[Black "Giroux, Robert"]
[Result "1-0"]
[WhiteElo "1676"]
[BlackElo "1855"]
[PlyCount "73"]
[EventDate "2023.04.28"]
[EventType "swiss"]
[EventRounds "5"]
[EventCountry "CAN"]

1. e4 c6 2. Nf3 d5 3. Nc3 dxe4 4. Nxe4 Nf6 5. Qe2 Nxe4 6. Qxe4 Nd7 7. d4 Nf6 8.
Qe3 Bf5 9. Bd3 Bxd3 10. Qxd3 e6 11. Bf4 Bd6 12. Bxd6 Qxd6 13. O-O-O O-O 14. Kb1
b5 15. h4 Qd5 16. Rde1 Ng4 17. Re2 Rfd8 18. h5 h6 19. Rh4 Qf5 20. Qxf5 exf5 21.
Rh1 Re8 22. Rhe1 Rxe2 23. Rxe2 Rd8 24. c3 Kf8 25. Ne5 Nxe5 26. Rxe5 Rd5 27.
Rxd5 cxd5 28. Kc2 f4 29. Kb3 g6 30. Kb4 f3 31. g3 f5 32. Kc5 gxh5 33. Kxd5 f4
34. gxf4 Kf7 35. Ke4 Kf6 36. Kxf3 Kf5 37. Kg3 1-0

[Event "Germain Laplante U1900"]
[Site "Chambly CAN"]
[Date "2023.04.30"]
[Round "4.19"]
[White "Ramesan, Raunak Amit"]
[Black "Jutras, Marc-Andre"]
[Result "0-1"]
[WhiteElo "1458"]
[BlackElo "1834"]
[PlyCount "68"]
[EventDate "2023.04.28"]
[EventType "swiss"]
[EventRounds "5"]
[EventCountry "CAN"]

1. e4 c6 2. d4 d5 3. Nc3 dxe4 4. Nxe4 Bf5 5. Ng3 Bg6 6. Nf3 Nf6 7. Bd3 e6 8.
Bg5 Qa5+ 9. Qd2 Bb4 10. c3 Be7 11. O-O Nbd7 12. b4 Qc7 13. Bf4 Bd6 14. Bxd6
Qxd6 15. Rfe1 O-O 16. a4 a5 17. b5 Bxd3 18. Qxd3 c5 19. Ne4 Qc7 20. Nxf6+ Nxf6
21. c4 Rfd8 22. Qc3 Rac8 23. Rac1 b6 24. h3 cxd4 25. Nxd4 Nd5 26. Qb3 Nb4 27.
Red1 h6 28. Qf3 Rd6 29. Qg3 Qd7 30. Qg4 Rd8 31. c5 bxc5 32. Rxc5 Qa7 33. Rc4 e5
34. Rc8 exd4 0-1

[Event "Germain Laplante U1900"]
[Site "Chambly CAN"]
[Date "2023.04.30"]
[Round "4.20"]
[White "Duplessis, Jean-Roch"]
[Black "Kelly, Patrick"]
[Result "1/2-1/2"]
[WhiteElo "1645"]
[BlackElo "1754"]
[PlyCount "56"]
[EventDate "2023.04.28"]
[EventType "swiss"]
[EventRounds "5"]
[EventCountry "CAN"]

1. e4 e5 2. Nf3 Nc6 3. Nc3 Nf6 4. Bb5 Nd4 5. Nxd4 exd4 6. e5 dxc3 7. exf6 cxd2+
8. Bxd2 Qxf6 9. Bc3 Qg5 10. Qe2+ Qe7 11. O-O-O Qxe2 12. Bxe2 d6 13. Rhe1 Be6
14. Bg4 Kd7 15. Bxe6+ fxe6 16. Re3 Rg8 17. Rh3 h6 18. g4 Be7 19. f4 Raf8 20.
Bd2 Rf6 21. g5 hxg5 22. fxg5 Rf2 23. Rh5 g6 24. Rh7 Ke8 25. h4 Rf7 26. Rxf7
Kxf7 27. Rf1+ Kg7 28. Bc3+ e5 1/2-1/2

[Event "Germain Laplante U1900"]
[Site "Chambly CAN"]
[Date "2023.04.30"]
[Round "4.21"]
[White "Chaurette, Benoit"]
[Black "Samson, Guy"]
[Result "1-0"]
[WhiteElo "1753"]
[BlackElo "1656"]
[PlyCount "139"]
[EventDate "2023.04.28"]
[EventType "swiss"]
[EventRounds "5"]
[EventCountry "CAN"]

1. e4 e5 2. Nf3 Nc6 3. Bb5 a6 4. Ba4 Nf6 5. O-O b5 6. Bb3 Be7 7. Re1 O-O 8. c3
d6 9. h3 Na5 10. Bc2 c5 11. d4 Nc6 12. Be3 Qc7 13. Nbd2 Bb7 14. Nf1 Rfe8 15.
Ng3 Bf8 16. Bg5 Nd7 17. d5 Ne7 18. Nh4 g6 19. Qg4 Bg7 20. Bxe7 Rxe7 21. Nhf5
Ree8 22. Nxg7 Kxg7 23. h4 Bc8 24. h5 Nf8 25. Qh4 Qe7 26. Qxe7 Rxe7 27. f3 Kh6
28. hxg6 hxg6 29. Kf2 Nd7 30. a4 Nb6 31. axb5 axb5 32. Rxa8 Nxa8 33. Ra1 Nb6
34. b3 Kg7 35. Ra5 Bd7 36. Ra6 Nc8 37. Ne2 f5 38. exf5 gxf5 39. Ng3 Kg6 40. Nf1
Kg5 41. Ne3 e4 42. fxe4 fxe4 43. c4 Kf4 44. g3+ Ke5 45. g4 Kd4 46. Nf5+ Bxf5
47. gxf5 bxc4 48. Rc6 Re8 49. bxc4 Kxc4 50. f6 Kxd5 51. f7 Rf8 52. Rc7 Ke6 53.
Ke3 Ne7 54. Kxe4 d5+ 55. Ke3 Kd6 56. Ra7 Rxf7 57. Ra6+ Ke5 58. Bb1 Rh7 59. Bxh7
d4+ 60. Kd2 Nd5 61. Ra5 Kd6 62. Bg8 Nb4 63. Bc4 Kc6 64. Ra8 Kb6 65. Rb8+ Kc6
66. Rh8 Kb6 67. Rh6+ Kc7 68. Bb5 Kb7 69. Kc1 Kc7 70. Kb2 1-0

[Event "Germain Laplante U1900"]
[Site "Chambly CAN"]
[Date "2023.04.30"]
[Round "4.23"]
[White "Frenette, Laurent"]
[Black "Messier, David"]
[Result "0-1"]
[WhiteElo "1613"]
[BlackElo "1863"]
[PlyCount "52"]
[EventDate "2023.04.28"]
[EventType "swiss"]
[EventRounds "5"]
[EventCountry "CAN"]

1. e4 c5 2. Nf3 d6 3. d4 cxd4 4. Nxd4 Nf6 5. Nc3 a6 6. Bg5 e6 7. f4 Be7 8. Qf3
Qa5 9. O-O-O Bd7 10. Bd3 Nc6 11. Nb3 Qc7 12. g4 h6 13. Bh4 Nxe4 14. Nxe4 Bxh4
15. g5 hxg5 16. Nxg5 Bxg5 17. fxg5 Ne5 18. Qf4 Bc6 19. Rhe1 O-O-O 20. Be4 d5
21. Qe3 dxe4 22. Qa7 Bd5 23. Re3 Nd3+ 24. Rexd3 exd3 25. Rxd3 Qf4+ 26. Nd2 Bc6
0-1

[Event "Germain Laplante U1900"]
[Site "Chambly CAN"]
[Date "2023.04.30"]
[Round "4.24"]
[White "St-Germain, Jack"]
[Black "Lemieux, Serge"]
[Result "1-0"]
[WhiteElo "1521"]
[BlackElo "1446"]
[PlyCount "93"]
[EventDate "2023.04.28"]
[EventType "swiss"]
[EventRounds "5"]
[EventCountry "CAN"]

1. a3 Nf6 2. c4 e6 3. Nc3 c6 4. d4 d5 5. Bg5 Be7 6. e3 Nbd7 7. Rc1 dxc4 8. Bxc4
Nb6 9. Bd3 Nfd5 10. Bxe7 Qxe7 11. Nf3 Nxc3 12. Rxc3 Nd5 13. Rc1 f6 14. O-O Bd7
15. e4 Nf4 16. g3 Nxd3 17. Qxd3 g5 18. e5 f5 19. Nd2 h5 20. Nc4 O-O-O 21. Nd6+
Kb8 22. Qb3 Bc8 23. Rxc6 Ka8 24. Rc2 Rxd6 25. exd6 Qxd6 26. Rfc1 Bd7 27. Rc7
Rb8 28. Qc4 Bc6 29. Rxc6 Qxc6 30. Qxc6 bxc6 31. Rxc6 Rb6 32. Rc8+ Rb8 33. Rc2
Rd8 34. Rc6 Kb7 35. Rxe6 Rxd4 36. Re5 f4 37. Kg2 g4 38. gxf4 h4 39. f5 Rf4 40.
h3 gxh3+ 41. Kxh3 Rxf2 42. Kxh4 Rxb2 43. f6 Kc6 44. Rf5 Rb8 45. f7 Rf8 46. Kg5
Kd7 47. Kg6 1-0

[Event "Germain Laplante U1900"]
[Site "Chambly CAN"]
[Date "2023.04.30"]
[Round "4.26"]
[White "Bedard, Michel"]
[Black "Rauch, Damian"]
[Result "0-1"]
[WhiteElo "1610"]
[BlackElo "1521"]
[PlyCount "134"]
[EventDate "2023.04.28"]
[EventType "swiss"]
[EventRounds "5"]
[EventCountry "CAN"]

1. d4 d5 2. Nc3 Nf6 3. Bf4 e6 4. e3 Bd6 5. Qf3 c5 6. dxc5 Bxc5 7. Nb5 Bb4+ 8.
c3 Ba5 9. Nd6+ Ke7 10. Nb5 Nc6 11. Bd6+ Ke8 12. Bg3 a6 13. Nd4 Bd7 14. Bd3 Rc8
15. Bh4 Ne5 16. Qe2 Nxd3+ 17. Qxd3 b5 18. a3 Bb6 19. Ngf3 Qc7 20. Ne2 Qe5 21.
Ned4 Qh5 22. h3 Qg6 23. Qxg6 hxg6 24. Bg3 Ke7 25. Ne5 a5 26. O-O Bc7 27. Ndf3
Ne4 28. Bh2 Be8 29. Nd4 Bxe5 30. Bxe5 f6 31. Bh2 e5 32. Nf3 Bd7 33. Rad1 Be6
34. Nd2 Nc5 35. Nf3 Rhd8 36. Ne1 Bf5 37. f3 Nb7 38. b4 e4 39. Nc2 Rc7 40. Nd4
Nd6 41. Nb3 Rcc8 42. Nxa5 Nc4 43. Nxc4 dxc4 44. g4 Be6 45. Rd4 Rxd4 46. exd4 f5
47. Re1 Kf6 48. Kg2 Re8 49. Kg3 Bd5 50. Bg1 Re6 51. Re2 Re8 52. Rh2 Be6 53. Be3
Rd8 54. Rh1 Rh8 55. d5 Bxd5 56. Bd4+ Kf7 57. Ra1 Ra8 58. Rd1 Rd8 59. Be5 Rd7
60. Ra1 Bc6 61. Bd4 Ke6 62. Kh4 Kf7 63. gxf5 gxf5 64. Rg1 g6 65. Kg5 Rd8 66. h4
e3 67. Bxe3 Rh8 0-1

[Event "Germain Laplante U1900"]
[Site "Chambly CAN"]
[Date "2023.04.30"]
[Round "4.27"]
[White "Tremblay, Xavier"]
[Black "Jutras, Arnaud"]
[Result "1/2-1/2"]
[WhiteElo "1370"]
[BlackElo "1545"]
[PlyCount "56"]
[EventDate "2023.04.28"]
[EventType "swiss"]
[EventRounds "5"]
[EventCountry "CAN"]

1. d4 d5 2. c4 c6 3. Nf3 Nf6 4. Nbd2 Bf5 5. Nh4 Bg6 6. Qb3 Qc7 7. Nxg6 hxg6 8.
g3 e6 9. Bg2 Nbd7 10. e4 dxe4 11. Nxe4 Nxe4 12. Bxe4 Nf6 13. Bf3 Rd8 14. Be3
Be7 15. Rd1 O-O 16. O-O Rd7 17. d5 cxd5 18. cxd5 exd5 19. Bxd5 Nxd5 20. Rxd5
Rxd5 21. Qxd5 Rd8 22. Qb3 b6 23. Rc1 Qd7 24. Qc2 Bf6 25. b3 b5 26. Qc7 a6 27.
Qxd7 Rxd7 28. Rc8+ Rd8 1/2-1/2